Quizzes
Events
Quiz Creation
Community
Videos
Private Events
Remove Ads
Sign In
Join for FREE
Feedback
Dark Mode
Quiz Categories
Sports
Geography
Music
Movies
Television
Just For Fun
Miscellaneous
History
Literature
Language
Science
Gaming
Entertainment
Religion
Holiday
For Kids
Quiz Lab
Recent
Popular Today
Quiz Kudos Today
Editor Picks
Curator Picks
Quizzes by...
Day
Popularity
Type
Ratings
Length
Year
Community
Subscriptions
Recent Discussions
Orange Saloon
Badges
Playlists
Quests
Create
Leaderboards
Showdown
Live 5
Trivia Bingo
Activity
Puzzle Library
Sporcle Events
Private Events
Virtual Trivia
Globe League
Become a Host
Pub Owners
SporcleCon
Opinionation
Our Games
Videos
Blog
Mobile Apps
Partnerships
Remove Ads and Go Orange
Feedback
Sports
Athletes
MLB
NBA
NHL
NFL
Soccer
Sports Teams
WWE
NCAA
Football
Premier League
Basketball
Baseball
Hockey
Golf
Tennis
Cricket
Rugby
Auto Racing
Olympics
World Cup
Sports
Athletes
MLB
NBA
NHL
NFL
Soccer
Sports Teams
WWE
NCAA
Football
Premier League
Basketball
Baseball
Hockey
Golf
Tennis
Cricket
Rugby
Auto Racing
Olympics
World Cup
Random Quiz
Search Sporcle
×
Quiz Lab
Quiz Lab
Sports
Baltimore
Type in answers that appear in a list
Type in answers that appear in a list
Classic
Best Score? Go Orange.
Top 50 Baltimore Orioles HR Hitters (1992-2012) Stats
Can you name the Baltimore Orioles Triple Crown Leaders (1992-2012)?
By
ByrdJ213
7m
50 Questions
131 Plays
131 Plays
131 Plays
Comments
Comments
Give Quiz Kudos
Give Quiz Kudos
-
- Ratings
hide this ad
Replay
Link that replays current quiz
Next Quiz
Link to next quiz in quiz playlist
You Got
0%
They Got
Avg Score
70%
Avg Friend Score
Upgrade to see
Score Distribution
Jump to the score distribution portion of the page
Score
0/50
Timer
07:00
0
Plays Today
Year
Oriole Player
% Correct
1996
Brady Anderson
96.2%
1999
Brady Anderson
96.2%
1997
Rafael Palmeiro
93.1%
1995
Rafael Palmeiro
93.1%
1996
Rafael Palmeiro
93.1%
1998
Rafael Palmeiro
93.1%
1994
Rafael Palmeiro
93.1%
2004
Rafael Palmeiro
93.1%
2012
Chris Davis
92.4%
2004
Miguel Tejada
89.3%
2005
Miguel Tejada
89.3%
2006
Miguel Tejada
89.3%
2012
Adam Jones
87.8%
2011
Adam Jones
87.8%
2005
Melvin Mora
81.7%
2004
Melvin Mora
81.7%
2008
Melvin Mora
81.7%
2007
Nick Markakis
80.9%
1996
Cal Ripken Jr
80.2%
1993
Cal Ripken Jr.
80.2%
1999
Albert Belle
79.4%
2000
Albert Belle
79.4%
2011
Mark Reynolds
72.5%
2012
Mark Reynolds
72.5%
1999
BJ Surhoff
70.2%
Year
Oriole Player
% Correct
1998
BJ Surhoff
70.2%
2011
JJ Hardy
68.7%
1993
Chris Hoiles
68.7%
1996
Chris Hoiles
68.7%
2012
Matt Wieters
68.7%
2011
Matt Wieters
68.7%
2012
JJ Hardy
68.7%
2008
Aubrey Huff
60.3%
1996
Roberto Alomar
60.3%
2010
Luke Scott
58.8%
2009
Luke Scott
58.8%
2008
Luke Scott
58.8%
2002
Jay Gibbons
57.3%
2005
Jay Gibbons
57.3%
2003
Jay Gibbons
57.3%
1996
Bobby Bonilla
56.5%
2004
Javy Lopez
55%
1999
Harold Baines
50.4%
1995
Harold Baines
50.4%
2002
Tony Batista
44.3%
2003
Tony Batista
44.3%
1992
Mike Devereaux
44.3%
1998
Eric Davis
38.9%
2010
Ty Wigginton
35.1%
2006
Ramon Hernandez
30.5%
Quiz Playlist
Details
Report
Send in Message
Add To Playlist
Classic:
Type in answers that appear in a list
Last Updated: Feb 16, 2017
Quiz Scoreboard
CHALLENGE
Sign Up to Join the Scoreboard
Show All
Scores
Hide
Comments
May contain spoilers
Recently Published
Street Fighter Characters
by Artimus82
Gaming
60s
9x9 Crossword: Cartoon Network
by jackfrog10
Miscellaneous
3m
College Basketball Coaching Resumes
by pancakes188
Sports
9m
More to Explore
Quiz From the Vault
Featured Blog Post
Where Did the Easter Bunny Come From?
hide this ad
You Might Also Like...
Tags
Baltimore
Baltimore Orioles
Crown
Hitter
Player
triple
Triple Crown
Today's Top Quizzes in Sports
Browse Sports
hide this ad
Today's Top Quizzes in Baltimore
Browse Baltimore
Top Contributed Quizzes in Sports
1
2022 World Cup Stars
2
Les meilleurs buteurs des matchs entre le PSG et l’OM
3
FIFA Club World Cup Champions
4
Les entraîneurs de l'OM et du PSG au 21e siècle
5
Criteria MLB: Left Handed Sluggers
6
2023 MLB Unique Player Accomplishments
7
AFC Teams Reveal (Wrong Answers Minefield)
8
Players with Multiple 50 Home Run Seasons
9
5-to-1: FBS Animal Nicknames
10
5-to-1: UK Sports Teams
Explore More
Trending Topics
Marvel
Harry Potter
Crossword
Anime
NBA
Disney
Kpop
Song
NFL
The Office
Pokémon
Puzzle
Country
WWE
Soccer
hide this ad
More By:
ByrdJ213
Quiz
Plays
Rating
Category
Featured
Created
Top 50 Yankees HR Hitters Single Season since 1990
1,824
4.58
Sports
Jul 11, 2013
Top 50 RBI Leaders Baltimore Orioles (1992-2012)
411
1.33
Sports
Jul 9, 2013
Colorado Rockies with 20 HR's in a season
152
4.25
Sports
Jul 9, 2013
Most Hits by a Shortstop since 1990 (Single Season)
149
2.33
Sports
Jul 9, 2013
Top 50 Baltimore Orioles HR Hitters (1992-2012)
131
1.00
Sports
Jul 8, 2013
Go to Creator's Profile
Score Distribution
Quiz Creator Spotlight
ByrdJ213
Follow
Send a Message
Quizzes Created
-
Created Quiz Play Count
-
More By This Creator
Popular Quizzes Today
1
Find the US States - No Outlines Minefield
2
Find the Countries of Europe - No Outlines Minefield
3
The Countries of the World
4
Find the US States
5
Risky Map Clicking: Biggest States A-Z
6
US States
7
Popular People in 1961
8
Movies - When Are They Set?
More Sports Quizzes
What's My Country - 2018 Winter Olympics
Curator's Pick
Trending Quizzes
Risky Map Clicking: Least Populous States A-Z
1-10 Letter G Words
Risky Map Clicking: Next State Alphabetically
Adjectives in 80s TV Shows
The Seven Year Switch: Catherine
Recently Updated
Leaping Animals
pecheneg
Reality TV Shows (A-Z)
bhenderson79
Rickey Henderson's Hall of Fame Teammates
pecheneg
Champions League XIs: Arsenal
pecheneg
Quick Pick: Celebrities in WWE's Hall of Fame
aduchscher
A-Z Keypad Blitz II
pecheneg
Multiple Oscar Actors
pecheneg
Mystery Phrase Blitz: Oscar 'Best Actors'
pecheneg
F. Scott Fitzgerald Novels
LTH
Pick 3 Villains
ddd62291
Trending Topics
Marvel
Anime
Kpop
Crossword
Harry Potter
Disney
NBA
NFL
Song
Country
Puzzle
WWE
Soccer
Pokémon
The Office
Your Account Isn't Verified!
In order to create a playlist on Sporcle, you need to verify the email address you used during registration. Go to your
Sporcle Settings
to finish the process.
Report this User
Report this user for behavior that violates our
Community Guidelines
.
Details:
Send Report
Go to the Sporcle.com Mobile Site →
Comments